Inflačné účtovníctvo
Problematika inflácie. "Inflačné" účtovné metódy. Historical cost/nominal dollar - HC/ND. Historical cost/constant dollar - HC/CD. Current cost/nominal dollar - CC/ND. Current cost/constant dollar - CC/CD. HC/ND účtovná metóda. HC/CD účtovná metóda. CC/CD účtovná metóda.
Uložené v:
| Hlavný autor: | |
|---|---|
| Médium: | Kapitola |
| Jazyk: | Slovak |
| Predmet: | |
| Tagy: |
Žiadne tagy, Buďte prvý, kto otaguje tento záznam!
|
MARC
| LEADER | 00000naa$a2200000$$$4500 | ||
|---|---|---|---|
| 001 | 0041286 | ||
| 005 | 20240502071510.4 | ||
| 041 | 0 | |a slo | |
| 044 | |a SK | ||
| 245 | 1 | 0 | |a Inflačné účtovníctvo |c Jozefína Hvastová |
| 520 | |a Problematika inflácie. "Inflačné" účtovné metódy. Historical cost/nominal dollar - HC/ND. Historical cost/constant dollar - HC/CD. Current cost/nominal dollar - CC/ND. Current cost/constant dollar - CC/CD. HC/ND účtovná metóda. HC/CD účtovná metóda. CC/CD účtovná metóda. | ||
| 610 | 2 | 0 | |a účtovníctvo |
| 610 | 2 | 0 | |a metódy účtovné |
| 610 | 2 | 0 | |a inflácia |
| 610 | 2 | 0 | |a dolár |
| 100 | 1 | |a Hvastová, Jozefína, 1969- | |